000 00486cam a2200193 i 4500
020 _a9788184656459
020 _a8184656459
041 _aENG
082 _a261
_bDSO
100 1 _aD'Souza, Andreas,
245 1 0 _aTheology of relationships
260 _aDelhi
_bISPCK
_c2018
300 _axxviii, 56 pages ;
650 0 _aInterpersonal relations
650 0 _aTheology, Doctrinal.
650 0 _aLiberation theology
650 0 _aChristianity and other religions.
942 _cBK
999 _c22994
_d22994